[Event "Tokyo Qual for Asian Games"]
[Site "Tokyo"]
[Date "2022.03.27"]
[Round "6"]
[White "Kobayashi, Atsuhiko"]
[Black "Shiomi, Ryo"]
[Result "1/2-1/2"]
[WhiteElo "2320"]
[BlackElo "2148"]
[PlyCount "38"]
[EventDate "2022.03.26"]
[EventType "tourn"]
[EventRounds "10"]
[EventCountry "JPN"]
[EventCategory "2"]
[SourceTitle "CBM 207 Extra"]
[Source "ChessBase"]
[SourceDate "2022.05.31"]
[SourceVersion "1"]
[SourceVersionDate "2022.05.31"]
[SourceQuality "1"]

1. d4 d5 2. c4 e6 3. Nc3 c5 4. cxd5 cxd4 5. Qxd4 Nc6 6. Qa4 exd5 7. Nf3 d4 8. Nb5 Nf6 9. Bd2 Ne4 10. g3 Nxd2 11. Nxd2 Bb4 12. Bg2 0-0 13. Rd1 Re8 14. Bxc6 bxc6 15. Qxb4 cxb5 16. 0-0 Bh3 17. Rfe1 Qd5 18. f3 a5 19. Qb3 Qe5 1/2-1/2

[Event "Tokyo Qual for Asian Games"]
[Site "Tokyo"]
[Date "2022.03.27"]
[Round "8"]
[White "Kojima, Shinya"]
[Black "Shiomi, Ryo"]
[Result "0-1"]
[WhiteElo "2499"]
[BlackElo "2148"]
[PlyCount "132"]
[EventDate "2022.03.26"]
[EventType "tourn"]
[EventRounds "10"]
[EventCountry "JPN"]
[EventCategory "2"]
[SourceTitle "CBM 207 Extra"]
[Source "ChessBase"]
[SourceDate "2022.05.31"]
[SourceVersion "1"]
[SourceVersionDate "2022.05.31"]
[SourceQuality "1"]

1. d4 d5 2. c4 e6 3. Nf3 c5 4. cxd5 exd5 5. g3 Nc6 6. Bg2 Nf6 7. 0-0 Be7 8. dxc5 Bxc5 9. a3 Ne4 10. Nfd2 f5 11. Nc3 Be6 12. Nb3 Bb6 13. Na4 d4 14. Nxb6 Qxb6 15. Nd2 Nxd2 16. Bxd2 0-0 17. e3 d3 18. Bc3 Rad8 19. Qd2 Bd5 20. Bxd5+ Rxd5 21. Rac1 Rfd8 22. Rfd1 Qa6 23. Qe1 Ne5 24. Bxe5 d2 25. Rxd2 Rxd2 26. Bd4 Qd3 27. Rc3 Rd1 28. Rxd3 Rxe1+ 29. Kg2 Re2 30. Rc3 Rd7 31. Kf3 Rd2 32. h4 g6 33. Rc5 Kf7 34. h5 Ke6 35. Re5+ Kd6 36. Re8 Kd5 37. Re5+ Kd6 38. Re8 Kd5 39. hxg6 hxg6 40. Rg8 Rd6 41. Rg7 Kc6 42. Be5 Re6 43. Bd4 a6 44. Kg2 Rc2 45. Kf3 Rd2 46. Kg2 Rc2 47. Kf3 b5 48. Ra7 Kd5 49. Rd7+ Kc4 50. Ra7 Kb3 51. Rd7 Rcc6 52. Kf4 Rc2 53. Kf3 Rec6 54. Rd5 Rxb2 55. Bxb2 Kxb2 56. Rd3 a5 57. Kf4 b4 58. axb4 axb4 59. f3 b3 60. g4 fxg4 61. Kxg4 Kc2 62. Rd8 Rc3 63. e4 b2 64. Rb8 Rb3 65. Rc8+ Kd3 66. Rd8+ Ke2 0-1

[Event "Tokyo Qual for Asian Games"]
[Site "Tokyo"]
[Date "2022.03.27"]
[Round "7"]
[White "Shiomi, Ryo"]
[Black "Yamada, Kohei"]
[Result "1/2-1/2"]
[WhiteElo "2148"]
[BlackElo "2280"]
[PlyCount "49"]
[EventDate "2022.03.26"]
[EventType "tourn"]
[EventRounds "10"]
[EventCountry "JPN"]
[EventCategory "2"]
[SourceTitle "CBM 207 Extra"]
[Source "ChessBase"]
[SourceDate "2022.05.31"]
[SourceVersion "1"]
[SourceVersionDate "2022.05.31"]
[SourceQuality "1"]

1. e4 c5 2. c3 Nf6 3. e5 Nd5 4. d4 cxd4 5. Nf3 d6 6. exd6 e6 7. Nxd4 Bxd6 8. g3 Nc6 9. Bg2 Nxd4 10. Qxd4 0-0 11. 0-0 Qc7 12. Nd2 Bd7 13. Re1 Bc6 14. Nc4 Be7 15. Qe5 Rac8 16. Qxc7 Rxc7 17. Ne5 Bf6 18. Nxc6 bxc6 19. Bd2 Rb7 20. Rab1 Rfb8 21. c4 Nb4 22. Bxb4 Rxb4 23. b3 c5 24. Rbd1 Bd4 25. Be4 1/2-1/2

[Event "Tokyo Qual for Asian Games"]
[Site "Tokyo"]
[Date "2022.03.26"]
[Round "2"]
[White "Yamada, Kohei"]
[Black "Shiomi, Ryo"]
[Result "1-0"]
[WhiteElo "2280"]
[BlackElo "2148"]
[PlyCount "87"]
[EventDate "2022.03.26"]
[EventType "tourn"]
[EventRounds "10"]
[EventCountry "JPN"]
[EventCategory "2"]
[SourceTitle "CBM 207 Extra"]
[Source "ChessBase"]
[SourceDate "2022.05.31"]
[SourceVersion "1"]
[SourceVersionDate "2022.05.31"]
[SourceQuality "1"]

1. e4 c5 2. Nf3 Nc6 3. Bb5 e6 4. Bxc6 bxc6 5. b3 Ne7 6. Bb2 f6 7. e5 fxe5 8. Nxe5 Ng6 9. Nxg6 hxg6 10. Qg4 Kf7 11. Qf3+ Kg8 12. Nc3 Qg5 13. Ne4 Qf5 14. Qe3 Rh4 15. d3 Be7 16. g3 Rh3 17. f4 d6 18. 0-0-0 Rb8 19. Kb1 Rb5 20. Nf2 Rh7 21. h4 d5 22. Qe2 Bf6 23. Ng4 Bxb2 24. Kxb2 c4 25. Ne5 cxb3 26. axb3 c5 27. Ra1 a6 28. Rhf1 Rh8 29. Qd2 Kh7 30. Rh1 Rf8 31. Raf1 Bb7 32. h5 g5 33. Ng6 Qf6+ 34. d4 Rc8 35. fxg5 Qxd4+ 36. Qxd4 cxd4 37. Ne5 Rbc5 38. Rh2 Kg8 39. g6 R5c7 40. g4 Rf8 41. Rhf2 Rcc8 42. g5 a5 43. h6 gxh6 44. gxh6 1-0

[Event "Tokyo Japan op"]
[Site "Tokyo"]
[Date "2021.11.22"]
[Round "5"]
[White "Shiomi, Ryo"]
[Black "Scott, Tyler"]
[Result "1-0"]
[WhiteElo "2039"]
[BlackElo "1937"]
[PlyCount "71"]
[EventDate "2021.11.20"]
[EventType "swiss"]
[EventRounds "7"]
[EventCountry "JPN"]
[SourceTitle "CBM 205 Extra"]
[Source "ChessBase"]
[SourceDate "2022.01.31"]
[SourceVersion "1"]
[SourceVersionDate "2022.01.31"]
[SourceQuality "1"]

1. d4 Nf6 2. Nf3 g6 3. Nc3 d5 4. Bf4 Bg7 5. e3 0-0 6. Be2 c5 7. Ne5 Nc6 8. 0-0 cxd4 9. Nxc6 bxc6 10. exd4 Nd7 11. Re1 Qb6 12. Bg4 Qxb2 13. Qd2 Bf6 14. Rab1 Qa3 15. Re3 Qa5 16. Rh3 Re8 17. Re1 Qb6 18. Ne2 Nf8 19. Bxc8 Raxc8 20. c3 e5 21. dxe5 Bxe5 22. Be3 Qb7 23. f4 Bg7 24. f5 Re5 25. Rf1 Rxf5 26. Rxf5 gxf5 27. Rf3 Re8 28. Nd4 Qb1+ 29. Rf1 Qe4 30. Nxf5 Ng6 31. Bxa7 Qe2 32. Qg5 Qxa2 33. Bd4 Bxd4+ 34. cxd4 Re2 35. Qd8+ Nf8 36. Nh6+ 1-0

[Event "Tokyo Japan op"]
[Site "Tokyo"]
[Date "2021.11.21"]
[Round "3"]
[White "Shiomi, Ryo"]
[Black "Kojima, Shinya"]
[Result "0-1"]
[WhiteElo "2039"]
[BlackElo "2389"]
[PlyCount "64"]
[EventDate "2021.11.20"]
[EventType "swiss"]
[EventRounds "7"]
[EventCountry "JPN"]
[SourceTitle "CBM 205 Extra"]
[Source "ChessBase"]
[SourceDate "2022.01.31"]
[SourceVersion "1"]
[SourceVersionDate "2022.01.31"]
[SourceQuality "1"]

1. d4 d5 2. Nf3 Nf6 3. e3 c6 4. c4 e6 5. Nbd2 c5 6. Bd3 Nc6 7. 0-0 cxd4 8. exd4 Be7 9. cxd5 Qxd5 10. Nb3 0-0 11. Re1 b6 12. Bg5 Bb7 13. Qe2 Nb4 14. Be4 Qxe4 15. Qxe4 Bxe4 16. Bxf6 Bxf6 17. Rxe4 Rac8 18. Re2 a5 19. a3 Nc2 20. Rd1 a4 21. Nbd2 Nxd4 22. Nxd4 Bxd4 23. b3 Rfd8 24. Kf1 Bc3 25. bxa4 Ba5 26. f3 Rc2 27. Ke1 Ra2 28. f4 f6 29. g4 Kf7 30. g5 Rxa3 31. Kf2 Rad3 32. f5 exf5 0-1

[Event "JPN-ch 52nd"]
[Site "Tokyo"]
[Date "2019.04.30"]
[Round "4"]
[White "Shiomi, Ryo"]
[Black "Scott, Tyler"]
[Result "1/2-1/2"]
[WhiteElo "2072"]
[BlackElo "1849"]
[PlyCount "78"]
[EventDate "2019.04.29"]
[EventType "swiss"]
[EventRounds "10"]
[EventCountry "JPN"]
[SourceTitle "CBM 190 Extra"]
[Source "ChessBase"]
[SourceDate "2019.07.15"]
[SourceVersion "1"]
[SourceVersionDate "2019.07.15"]
[SourceQuality "1"]

1. e4 c5 2. c3 Nf6 3. e5 Nd5 4. d4 cxd4 5. Nf3 Nc6 6. cxd4 d6 7. Bc4 Nb6 8. Bb3 d5 9. h3 Bf5 10. Nc3 e6 11. Bg5 Be7 12. Bxe7 Qxe7 13. 0-0 0-0 14. Qd2 Qb4 15. Qf4 f6 16. exf6 Rxf6 17. Qe3 Raf8 18. Ne2 Bxh3 19. gxh3 Rxf3 20. Qxe6+ Kh8 21. Rad1 a5 22. Qg4 a4 23. Bc2 Qxb2 24. Rd2 Qa3 25. Ng3 Qe7 26. Nf5 R3xf5 27. Bxf5 Qf6 28. Bc2 Nc4 29. Rdd1 g6 30. Bxa4 Nb2 31. Bxc6 Nxd1 32. Qxd1 bxc6 33. Qd2 Qf3 34. Qe3 Kg7 35. Re1 h5 36. Qe5+ Kh6 37. Qe3+ Kg7 38. Qe5+ Kh6 39. Qe3+ Kg7 1/2-1/2

[Event "JPN-ch"]
[Site "Tokyo"]
[Date "2018.05.04"]
[Round "10"]
[White "Shiomi, Ryo"]
[Black "Kobayashi, Atsuhiko"]
[Result "1/2-1/2"]
[WhiteElo "2085"]
[BlackElo "2061"]
[PlyCount "202"]
[EventDate "2018.04.29"]
[EventType "swiss"]
[EventRounds "11"]
[EventCountry "JPN"]
[SourceTitle "CBM 184 Extra"]
[Source "ChessBase"]
[SourceDate "2018.06.28"]
[SourceVersion "1"]
[SourceVersionDate "2018.06.28"]
[SourceQuality "1"]

1. e4 g6 2. d4 Bg7 3. Nf3 d6 4. Bc4 Nf6 5. Qe2 0-0 6. e5 dxe5 7. dxe5 Nd5 8. 0-0 Bg4 9. Nbd2 Nb6 10. Bd3 Nc6 11. h3 Nd4 12. Qe4 Nxf3+ 13. Nxf3 Bxf3 14. Qxf3 Bxe5 15. Qxb7 e6 16. Re1 Qf6 17. c3 Nd5 18. Rb1 Rfd8 19. Be4 Rab8 20. Qxa7 Ra8 21. Qc5 Rxa2 22. Bf3 Qf5 23. Be4 Qf6 24. Bf3 Ra4 25. Qb5 Rda8 26. c4 c6 27. Qxc6 R4a6 28. Qb7 R6a7 29. Qc6 Ra6 30. Qb7 R6a7 31. Qb3 Rb8 32. Qd3 Nb4 33. Qe4 Bd4 34. Qf4 Qxf4 35. Bxf4 Rc8 36. Be2 Ra2 37. Bd2 Nc6 38. Bc1 Na5 39. Rd1 e5 40. Bd2 Nxc4 41. Rdc1 Nd6 42. Rxc8+ Nxc8 43. Bc1 Nd6 44. Kf1 Ne4 45. Bc4 Ra4 46. b4 Nxf2 47. Bh6 Ne4 48. Bb3 Rxb4 49. Bxf7+ Kxf7 50. Rxb4 Ng3+ 51. Ke1 Bc3+ 52. Bd2 Bxb4 53. Bxb4 Ke6 54. Kf2 Ne4+ 55. Ke3 Nf6 56. Bf8 Kf5 57. g4+ Ke6 58. Bg7 Nd7 59. Ke4 g5 60. Bh8 Nf6+ 61. Kf3 Nd7 62. Ke4 Nc5+ 63. Ke3 Kd5 64. Bf6 Ne6 65. h4 gxh4 66. Bxh4 Nd4 67. Bf6 Nc2+ 68. Kd2 Na3 69. Ke3 Nc4+ 70. Kf3 Kd4 71. Bg7 Nd2+ 72. Kg3 Kd5 73. Bh6 Nc4 74. Kh4 Ke6 75. Kg5 Nd6 76. Bf8 Nf7+ 77. Kh5 e4 78. Bc5 Kd5 79. Bb6 Ke5 80. Be3 Ke6 81. Bd4 Ne5 82. Kh6 Kd5 83. Ba7 Nxg4+ 84. Kxh7 Ne5 85. Kh6 Kc4 86. Kg5 Kd3 87. Kf4 Nf3 88. Bf2 Nd4 89. Ke5 Nb5 90. Kf4 Nc3 91. Kg3 Nd5 92. Kg2 Ke2 93. Ba7 Ne3+ 94. Kg1 Kd3 95. Kf2 Nf5 96. Bb6 Nd4 97. Bxd4 Kxd4 98. Ke2 e3 99. Ke1 Kd3 100. Kd1 e2+ 101. Ke1 Ke3 1/2-1/2

[Event "JPN-ch"]
[Site "Tokyo"]
[Date "2018.04.30"]
[Round "3"]
[White "Kojima, Shinya"]
[Black "Shiomi, Ryo"]
[Result "1-0"]
[WhiteElo "2400"]
[BlackElo "2085"]
[PlyCount "77"]
[EventDate "2018.04.29"]
[EventType "swiss"]
[EventRounds "11"]
[EventCountry "JPN"]
[SourceTitle "CBM 184 Extra"]
[Source "ChessBase"]
[SourceDate "2018.06.28"]
[SourceVersion "1"]
[SourceVersionDate "2018.06.28"]
[SourceQuality "1"]

1. Nf3 d5 2. d4 e6 3. c4 c5 4. e3 Nf6 5. cxd5 exd5 6. Bb5+ Nc6 7. 0-0 Bd7 8. Nc3 cxd4 9. Nxd4 Bd6 10. Be2 a6 11. Nf3 Be6 12. b3 Bc7 13. Ba3 b5 14. Rc1 b4 15. Na4 Qd6 16. Bb2 Bg4 17. g3 Bd8 18. Nd4 Ne5 19. f4 Bxe2 20. Qxe2 Neg4 21. Nf5 Qd7 22. Nxg7+ Kf8 23. Nc5 Qb5 24. Qxb5 axb5 25. Nf5 Rxa2 26. Nd3 Rg8 27. Ra1 Rxa1 28. Rxa1 Ne4 29. Nxb4 Nd2 30. Nc6 Ke8 31. Nxd8 Rg6 32. Nb7 Nxb3 33. Ra7 Rc6 34. Nbd6+ Kd8 35. Nxf7+ Ke8 36. Re7+ Kf8 37. Bg7+ Kg8 38. N7h6+ Nxh6 39. Nxh6+ 1-0

[Event "Magdeburg op 20th"]
[Site "Magdeburg"]
[Date "2012.11.04"]
[Round "3"]
[White "Krysztofiak, Marcin"]
[Black "Shiomi, Ryo"]
[Result "1-0"]
[WhiteElo "2447"]
[BlackElo "2122"]
[PlyCount "101"]
[EventDate "2012.10.27"]
[EventType "swiss"]
[EventRounds "7"]
[EventCountry "GER"]
[SourceTitle "EXT 2015"]
[Source "ChessBase"]
[SourceDate "2014.11.20"]
[SourceVersion "1"]
[SourceVersionDate "2014.11.20"]
[SourceQuality "1"]

1. Nf3 d5 2. g3 Bg4 3. Bg2 Nd7 4. 0-0 Ngf6 5. d3 e5 6. Nbd2 Bd6 7. e4 dxe4 8. dxe4 0-0 9. h3 Bh5 10. Qe1 c6 11. Nh4 Ne8 12. Nc4 Bc5 13. b4 Nb6 14. bxc5 Nxc4 15. Qc3 Qd4 16. Qxd4 exd4 17. g4 Bg6 18. Rd1 Rd8 19. f4 f6 20. Nxg6 hxg6 21. c3 Nc7 22. cxd4 b5 23. cxb6 axb6 24. Bf1 Nd6 25. Ba3 Nxe4 26. Bxf8 Kxf8 27. Rac1 Rd6 28. Bg2 f5 29. Re1 Rxd4 30. Rxc6 Nd5 31. Bxe4 fxe4 32. Rxg6 e3 33. Rd6 Ke7 34. Rxd5 Rxd5 35. Rxe3+ Kf7 36. Rb3 Ra5 37. a3 Ra4 38. f5 b5 39. Kg2 Kf6 40. Kg3 Kg5 41. Re3 Ra7 42. h4+ Kf6 43. Re6+ Kf7 44. Kf4 Ra4+ 45. Kg5 Rxa3 46. Rb6 Rb3 47. Rb7+ Kf8 48. Kg6 Rb4 49. g5 Rxh4 50. Rb8+ Ke7 51. Kxg7 1-0

[Event "Olympiad-39"]
[Site "Khanty-Mansiysk"]
[Date "2010.09.27"]
[Round "6.4"]
[White "Thapa, Uttam Raj"]
[Black "Shiomi, Ryo"]
[Result "0-1"]
[WhiteElo "2029"]
[BlackElo "2105"]
[PlyCount "150"]
[EventDate "2010.09.21"]
[EventType "team-swiss"]
[EventRounds "11"]
[EventCountry "RUS"]
[SourceTitle "CBM 139"]
[Source "ChessBase"]
[SourceDate "2010.11.18"]
[SourceVersion "1"]
[SourceVersionDate "2010.11.18"]
[SourceQuality "1"]
[WhiteTeam "Nepal"]
[BlackTeam "Japan"]
[WhiteTeamCountry "NEP"]
[BlackTeamCountry "JPN"]

1. d4 d5 2. c4 e6 3. Nc3 c5 4. cxd5 exd5 5. Nf3 Nc6 6. g3 Nf6 7. Bg2 Be7 8. 0-0 0-0 9. Bg5 c4 10. Ne5 Be6 11. Qd2 h6 12. Bf4 Bb4 13. Rfd1 Bf5 14. f3 Re8 15. g4 Bh7 16. Bg3 Qe7 17. g5 hxg5 18. Qxg5 Rad8 19. Bh3 Bd6 20. f4 Ne4 21. Qxe7 Bxe7 22. Bd7 Rxd7 23. Nxd7 Nxc3 24. bxc3 f6 25. Nc5 b6 26. Na6 Bd6 27. Kf2 Bf5 28. a3 Kf7 29. Nb4 Ne7 30. Rd2 Bg6 31. f5 Bxg3+ 32. hxg3 Bxf5 33. Rg1 Be4 34. g4 Nc8 35. g5 Nd6 36. gxf6 gxf6 37. Rdd1 Nb5 38. Rc1 a5 39. Na2 Nxa3 40. Rg3 Rh8 41. Rcg1 Ke6 42. Nc1 Nb1 43. Ke1 b5 44. Na2 Rb8 45. Rg8 Rb6 46. Re8+ Kd7 47. Ra8 b4 48. Rxa5 b3 49. Kf2 bxa2 50. Rxa2 Nxc3 51. Ra7+ Kc6 52. Rf7 Kb5 53. Ke3 Na2 54. Ra1 Nb4 55. Kd2 f5 56. Kc3 Ra6 57. Rxa6 Nxa6 58. Rb7+ Kc6 59. Rg7 Nc7 60. Kb4 f4 61. Rf7 Ne6 62. Kc3 Kd6 63. Ra7 Bg6 64. Ra6+ Ke7 65. Ra5 Be4 66. Ra7+ Kf6 67. Rd7 Kf5 68. Re7 Ng5 69. Re8 Kg4 70. Rg8 Kh4 71. Kd2 Bf5 72. Rd8 Be6 73. Re8 Kg4 74. Re7 Kf5 75. Rg7 Bf7 0-1

[Event "Olympiad-36"]
[Site "Mallorca"]
[Date "2004.10.27"]
[Round "12"]
[White "Shiomi, Ryo"]
[Black "Oatlhotse, Providence"]
[Result "1/2-1/2"]
[WhiteElo "2072"]
[BlackElo "2128"]
[PlyCount "68"]
[EventDate "2004.10.15"]
[EventType "team-swiss"]
[EventRounds "14"]
[EventCountry "ESP"]
[SourceTitle "CBM 104"]
[Source "ChessBase"]
[SourceDate "2005.01.27"]
[SourceVersion "1"]
[SourceVersionDate "2005.01.27"]
[SourceQuality "1"]
[WhiteTeam "Japan"]
[BlackTeam "Botswana"]
[WhiteTeamCountry "JPN"]
[BlackTeamCountry "BOT"]

1. e4 e5 2. Nf3 Nc6 3. d4 exd4 4. Nxd4 Nf6 5. Nc3 Bb4 6. Nxc6 bxc6 7. Bd3 0-0 8. 0-0 d5 9. exd5 cxd5 10. Bg5 c6 11. Na4 Qd6 12. c3 Ba5 13. Qc2 Bc7 14. g3 h6 15. Bf4 Qd8 16. Bxc7 Qxc7 17. c4 d4 18. Rfe1 c5 19. Bf1 Bb7 20. Bg2 Bxg2 21. Kxg2 Rfe8 22. b3 Re5 23. Nb2 Rae8 24. Nd3 Re4 25. Rxe4 Rxe4 26. Re1 Qc6 27. Rxe4 Qxe4+ 28. f3 Qf5 29. Qe2 h5 30. Kg1 Kf8 31. Kg2 Kg8 32. Kg1 Kf8 33. Kg2 Kg8 34. a3 a5 1/2-1/2

[Event "Olympiad-36"]
[Site "Mallorca"]
[Date "2004.10.24"]
[Round "9"]
[White "Eid, Fadi"]
[Black "Shiomi, Ryo"]
[Result "1-0"]
[WhiteElo "2357"]
[BlackElo "2072"]
[PlyCount "79"]
[EventDate "2004.10.15"]
[EventType "team-swiss"]
[EventRounds "14"]
[EventCountry "ESP"]
[SourceTitle "CBM 104"]
[Source "ChessBase"]
[SourceDate "2005.01.27"]
[SourceVersion "1"]
[SourceVersionDate "2005.01.27"]
[SourceQuality "1"]
[WhiteTeam "Lebanon"]
[BlackTeam "Japan"]
[WhiteTeamCountry "LBN"]
[BlackTeamCountry "JPN"]

1. e4 c5 2. Nf3 Nc6 3. d4 cxd4 4. Nxd4 Nf6 5. Nc3 e6 6. Bf4 Bb4 7. Nxc6 bxc6 8. Bd3 d5 9. e5 d4 10. exf6 Qxf6 11. Qf3 dxc3 12. 0-0 cxb2 13. Qxc6+ Bd7 14. Qxa8+ Ke7 15. Qb7 Qxf4 16. Rad1 Qb8 17. Qe4 Bc3 18. Bc4 Qb4 19. a3 Qa4 20. Qd3 Be5 21. f4 Bc7 22. Bb3 Qb5 23. Qc3 Bc6 24. Qxg7 Rd8 25. Bxe6 Bb6+ 26. Kh1 Bxg2+ 27. Kxg2 Qe2+ 28. Kg3 Bf2+ 29. Rxf2 Qxd1 30. Qxf7+ Kd6 31. Ba2 Qg1+ 32. Rg2 Qe3+ 33. Kh4 Qe1+ 34. Kh5 Rd7 35. Qd5+ Kc7 36. Qc5+ Kb7 37. Bd5+ Ka6 38. Bc4+ Kb7 39. Ba6+ Kxa6 40. Qc6+ 1-0